A first laboratory guide in psychology, (Record no. 71)

000 -LEADER
fixed length control field 00439cam a22001451 4500
020 ## - INTERNATIONAL STANDARD BOOK NUMBER
International Standard Book Number 8130706067
100 1# - MAIN ENTRY--PERSONAL NAME
Personal name Collins, Mary.
245 12 - TITLE STATEMENT
Title A first laboratory guide in psychology,
260 ## - PUBLICATION, DISTRIBUTION, ETC.
Place of publication, distribution, etc. Delhi
Name of publisher, distributor, etc. Cosmo publications
Date of publication, distribution, etc. 2007
300 ## - PHYSICAL DESCRIPTION
Extent viii, 108 p.
Other physical details illus.
500 ## - GENERAL NOTE
General note "Supplementary to 'An introduction to experimental psychology' by the same authors."
650 #0 - SUBJECT ADDED ENTRY--TOPICAL TERM
Topical term or geographic name entry element Psychophysiology.
700 1# - ADDED ENTRY--PERSONAL NAME
Personal name Drever, James,
942 ## - ADDED ENTRY ELEMENTS (KOHA)
Koha item type Book
Holdings
Withdrawn status Lost status Damaged status Not for loan Collection code Permanent Location Current Location Shelving location Date acquired Total Checkouts Full call number Barcode Date last seen Price effective from Koha item type Source of classification or shelving scheme
          Central Library (CL) Central Library (CL) General Stacks 03/24/2016   150 COL S3H-N-202 03/24/2016 03/24/2016 Book  
          Central Library (CL) Central Library (CL)   07/21/2024   150 COL S3H-N-201 07/21/2024 07/21/2024 Book  
          Institute of Environmental Science and Engineering (IESE) Institute of Environmental Science and Engineering (IESE)   12/07/2016   150 IESE-1422 12/07/2016 12/07/2016 Book  
          Institute of Environmental Science and Engineering (IESE) Institute of Environmental Science and Engineering (IESE)   12/07/2016   150 IESE-1423 12/07/2016 12/07/2016 Book  
© 2023 Central Library, National University of Sciences and Technology. All Rights Reserved.